| 000 | 00441 a2200157 4500 | ||
|---|---|---|---|
| 999 |
_c5060 _d5060 |
||
| 020 | _a9780192755629 | ||
| 050 | _aPZ7 LAS 2011 | ||
| 100 |
_aLassiter, Rhiannon _eauthor |
||
| 245 |
_aGhost of a chance / _bRhiannon Lassiter |
||
| 264 |
_aOxford : _bOxford University Press, _c 2011 |
||
| 300 | _a362pg . : | ||
| 500 | _aa short story | ||
| 650 | _aMurder victims -- Fiction. | ||
| 651 | _aSpirits -- Fiction. | ||
| 942 |
_2lcc _cBK _h7 _iLAS _kPZ |
||